[Event "Pula op 30th"]
[Site "Pula"]
[Date "2016.09.10"]
[Round "1"]
[White "Hresc, Vladimir"]
[Black "Travin, Vladimir"]
[Result "1-0"]
[WhiteElo "2354"]
[BlackElo "1942"]
[PlyCount "49"]
[EventDate "2016.09.10"]
[EventType "swiss"]
[EventRounds "9"]
[EventCountry "CRO"]
[SourceTitle "CBM 174 Extra"]
[Source "ChessBase"]
[SourceDate "2016.10.10"]
[SourceVersion "1"]
[SourceVersionDate "2016.10.10"]
[SourceQuality "1"]

1. d4 d5 2. c4 e6 3. Nc3 Nf6 4. Bg5 Be7 5. Nf3 0-0 6. e3 h6 7. Bh4 c6 8. Rc1 Nbd7 9. a3 Ne8 10. Bg3 Bd6 11. c5 Bxg3 12. hxg3 f5 13. Bd3 Nef6 14. Bb1 Ne4 15. b4 Qf6 16. Qb3 g5 17. b5 Rf7 18. a4 e5 19. Nxd5 cxd5 20. Qxd5 exd4 21. Ba2 dxe3 22. Rxh6 exf2+ 23. Kf1 Nxg3+ 24. Kxf2 Qxh6 25. Qxf7+ 1-0